Légumes de saison (1) - Statistiques

Statistiques générales
  • Ce quiz a été pris 259 fois
  • Le résultat moyen est 3 sur 16
Statistiques - réponses
Indice Réponse % Correct
Ingrédient de base du chili con carne Haricot rouge
80%
Légume vert, emblématique des régimes alimentaires (phaseolus vulgaris) Haricot vert
73%
Lingot, soissons, coco, mogette... Haricot blanc
53%
Un légume qu'on peut trouver dans une galette Fève
32%
Désigne un légume et une petite flûte Flageolet
22%
Improprement nommé "pousse de soja" Haricot mungo
14%
Ingrédient de base de la feijoada Haricot noir
14%
Expression presque équivalente à "les carottes sont cuites" La fin des haricots
13%
Spécialiste de l'humour british Mr Bean
12%
Autre nom de la salicorne Haricot de mer
11%
Classique des contes anglais - ou comment monter haut... Jack et le haricot magique
9%
Importuner vivement Courir sur le haricot
7%
Un classique des cantines, prêt à tout pour plaire au chef Fayot
4%
Bande dessinée parodique de Harry Potter Harry Cover
4%
Ragoût traditionnel... qui ne contient pas de légumes ! Haricot de mouton
1%
Légume tropical long, très long Haricot kilomètre
1%
Aucun quiz correspondant
Distribution des résultats
% des personnes avec chaque résultat
Percentile par nombre de réponses
Votre historique - résultats
Vous n’avez pas pris ce quiz